| 000 | 01192nam a2200325 i 4500 | ||
|---|---|---|---|
| 003 | EG-GICUC | ||
| 005 | 20260121101536.0 | ||
| 008 | 251224s19611960ua ||||fr|||| 000 0 ara d | ||
| 040 |
_a EG-GICUC _bara _c EG-GICUC _d EG-GICUC _erda |
||
| 041 | 0 | _aara | |
| 082 | 0 | 4 |
_221 _a343.3 _bم ح . ش |
| 092 | 0 | 4 | _221 |
| 099 | _aLaw1 10 343.3 م ح . ش 7 ed - 1961 | ||
| 100 | 0 |
_aمحمود محمود مصطفى _eمؤلف. |
|
| 245 | 1 | 0 |
_aشرح قانون الإجراءات الجنائية / _cمحمود محمود مصطفى. |
| 250 | _aالطبعة السابعة | ||
| 264 | 1 |
_aالقاهرة : _bمطابع دار الكتب العربى المصرى، _c1961. |
|
| 300 |
_a564 صفحة ؛ _c24 سم. |
||
| 336 |
_2rda content _atext |
||
| 337 |
_2rda media _aComputer |
||
| 338 |
_2rda carrier _aOnline Resource |
||
| 504 | _a. 240-220 ببليوجرافيا: صفحات. | ||
| 546 | _aالنص باللغة العربية | ||
| 650 | 1 | 4 |
_a قانون الإجراءات الجنائية _2qrmak |
| 650 | 1 | 4 |
_aالقانون الجنائي _2qrmak |
| 651 | 1 | _2qrmak | |
| 856 | 4 | 0 | _uhttps://fll.law.cu.edu.eg/fulltext/bks/B10-05692.pdf |
| 905 | _a77 | ||
| 942 |
_2ddc _cBK _e21 _n0 |
||
| 999 |
_c52433 _d52433 |
||